| 000 | 00925nam0a22002411 4500 | ||
|---|---|---|---|
| 001 | rc\2665327 | ||
| 005 | 20250529194342.0 | ||
| 035 | _a(NLR Aleph) 006971919 | ||
| 090 |
_a5449107 _c5449107 |
||
| 100 | _a20110618d1929 |||y0rusy50 ca | ||
| 101 | 0 | _arus | |
| 102 | _aRU | ||
| 105 | _aa z ||||| | ||
| 200 | 1 |
_aЮнга Шток _eРассказ для детей средн. и старш. возраста _fБ. Скубенко-Яблоновский _gС обл. и 6 рис. С. Закржевской |
|
| 210 |
_a[Москва] _cМолодая Гвардия _d1929 _eЛенинград _gтип. "Вестник Ленингр. облисполкома" |
||
| 215 |
_a48 с. _cил. _d18×13 см |
||
| 700 | 1 |
_aСкубенко-Яблоновский _bБ. |
|
| 702 | 1 |
_aЗакржевская _bС. _4440 |
|
| 801 | 0 |
_aRU _bNLR _gpsbo |
|
| 801 | 1 |
_aRU _bELAR _2rusmarc |
|
| 852 |
_aNLR _j30.8/127 |
||
| 942 | _cBOOK | ||
| 980 | _aNB | ||